| 000 | 00390cam a2200121 i 4500 | ||
|---|---|---|---|
| 020 | _a9781137286291 (hardback) | ||
| 050 | 0 | 0 |
_aR726 _b.Y85 2013 |
| 100 | 1 |
_aYuill, Kevin L., _d1962- |
|
| 245 | 1 | 0 |
_aAssisted suicide : _bthe liberal, humanist case against legalization / _cKevin Yuill, University of Sunderland, UK. |
| 300 | _axx, 188 pages : | ||
| 650 | 0 | _xLaw and legislation. | |
| 942 |
_2lcc _cGEN |
||
| 999 |
_c5233 _d5233 |
||